A beszállítói partnerkapcsolat elemzése és fejlesztése egy Beszállítói Integrált Felület létrehozásával a Knorr-Bremse Vasúti Jármű Rendszerek Hungária Kft.-nél

Bibliographic Details
Main Author: Pribojszki Zsófia
Other Authors: Lipák Mária
Format: Thesis
Kulcsszavak:Beszerzés
Beszállítói partnerkapcsolatok
Integrált Felület
Online Access:http://dolgozattar.uni-bge.hu/18272

MARC

LEADER 00000nta a2200000 i 4500
001 dolg18272
005 20190228101532.0
008 181127suuuu hu om 000 hun d
040 |a BGE Dolgozattár Repozitórium  |b hun 
041 |a hu 
100 1 |a Pribojszki Zsófia 
245 1 2 |a A beszállítói partnerkapcsolat elemzése és fejlesztése egy Beszállítói Integrált Felület létrehozásával a Knorr-Bremse Vasúti Jármű Rendszerek Hungária Kft.-nél  |c Pribojszki Zsófia  |h [elektronikus dokumentum] 
695 |a Beszerzés 
695 |a Beszállítói partnerkapcsolatok 
695 |a Integrált Felület 
700 1 |a Lipák Mária  |e ths 
856 4 0 |u http://dolgozattar.uni-bge.hu/18272/1/Pribojszki_Zs%C3%B3fia_JGI54G_KM.pdf  |z Dokumentum-elérés 
856 4 0 |u http://dolgozattar.uni-bge.hu/18272/7/img031.jpg  |z Dokumentum-elérés 
856 4 0 |u http://dolgozattar.uni-bge.hu/18272/8/img032.jpg  |z Dokumentum-elérés